| 000 | 00807nam a2200265Ia 4500 | ||
|---|---|---|---|
| 003 | OSt | ||
| 005 | 20220928130347.0 | ||
| 006 | a|||||r|||| 00| 0 | ||
| 007 | ta | ||
| 008 | 220927b |||||||| |||| 00| 0 eng d | ||
| 020 | _c7248 | ||
| 024 | _a126157 | ||
| 037 |
_b291, 16/02/2015, Classic Book Service _cTextual |
||
| 040 |
_aSDCL _cSDCL _beng |
||
| 041 |
_2eng _aeng |
||
| 082 | _aX64, Q5 | ||
| 100 | _aRajan Ramkishen S. | ||
| 245 | 0 | _aEconomic management in a volatile environment | |
| 260 |
_aHoundmills _bPalgrave _c2015 |
||
| 300 |
_axx;283p. _ccm. |
||
| 650 |
_aBusiness Economics _9391653 |
||
| 700 |
_a Gopalan Sasidaran _9473678 |
||
| 942 |
_hX64, Q5 _cTEXL _2CC |
||
| 999 |
_c786271 _d786271 |
||